Pays de plus d'un million de km² - Statistiques

Statistiques générales
  • Ce quiz a été pris 110 fois
  • Le résultat moyen est 10 sur 18
Answers on the Grid
Answers color-coded by a green-red scale on the quiz's grid according to % correct below.
Russie
Angola
Namibie
Algérie
Arabie Saoudite
Venezuela
France
Ukraine
Soudan
R. D. C.
Argentine
Mozambique
Somalie
Ethiopie
Egypte
Mali
Ouzbékistan
Iran
Canada
Kazakhstan
Turquie
Inde
Indonésie
Chine
Chili
Tanzanie
Madagascar
Australie
Pérou
Nigéria
 
Statistiques - réponses
Réponse % Correct
Russie
97%
Canada
75%
Australie
72%
Algérie
68%
Arabie Saoudite
66%
Chine
63%
Inde
63%
Kazakhstan
63%
Argentine
60%
R. D. C.
59%
Indonésie
51%
Iran
44%
Soudan
41%
Egypte
38%
Ethiopie
32%
Mali
24%
Angola
22%
Pérou
19%
Aucun quiz correspondant
Distribution des résultats
% des personnes avec chaque résultat
Percentile par nombre de réponses
Votre historique - résultats
Vous n’avez pas pris ce quiz